000 00302nam a22001337a 4500
008 181105b xxu||||| |||| 00| 0 eng d
020 _a0721682146
041 _aeng
080 _a616.5
100 _a7
101 _aDER
245 _aConculatations in Dermatology II
_cShelley, W.B
942 _2udc
_cBK
999 _c51870
_d51870